OPAC Home

භක්ත්‍යඤජලී (Record no. 80295)

MARC details
000 -LEADER
fixed length control field 00484nam a2200157Ia 4500
003 - CONTROL NUMBER IDENTIFIER
control field LK-CoDNM
008 - FIXED-LENGTH DATA ELEMENTS--GENERAL INFORMATION
fixed length control field 140723t2019 xxu||||| |||| 00| 1 sin d
040 ## - CATALOGING SOURCE
Original cataloging agency LK-CoDNM
Modifying agency LK-CoDNM
Description conventions LK-CoDNM
041 ## - LANGUAGE CODE
Language code of text/sound track or separate title Sinhala; Sinhalese
080 ## - UNIVERSAL DECIMAL CLASSIFICATION NUMBER
Universal Decimal Classification number 294.3
Item number DAM
942 ## - ADDED ENTRY ELEMENTS (KOHA)
Koha item type Books
100 ## - MAIN ENTRY--PERSONAL NAME
Personal name ධම්මානන්ද හිමි, තුඹුල්ලේ
Personal name (Transliterated) Dammananda Himi,Thubulle
245 ## - TITLE STATEMENT
Title භක්ත්‍යඤජලී
246 ## - VARYING FORM OF TITLE
Title proper/short title Bakthyanjalee
260 ## - PUBLICATION, DISTRIBUTION, ETC. (IMPRINT)
Name of publisher, distributor, etc. Samayawardana Publisher
Place of publication, distribution, etc. Colombo
Date of publication, distribution, etc. 2019
Holdings
Withdrawn status Lost status Damaged status Not for loan Collection code Permanent Location Current Location Date acquired Cost, normal purchase price Full call number Barcode Koha item type
        Monographs Library National Museum Colombo - Sri Lanka Library National Museum Colombo - Sri Lanka 2023-07-16 0.00 294.3 DAM P44165 Books
Copyright © 2023 Department of National Museum, Colombo 07, Sri Lanka Funded by UNESCO IFAP UNESCO